| 000 | 00974cas a22002897a 4500 | ||
|---|---|---|---|
| 005 | 20220329142046.0 | ||
| 008 | 990511u1978 mx br pernn 0 0b1spa d | ||
| 010 | _a77778 | ||
| 011 | _a78750 | ||
| 022 | _a0186-3290 | ||
| 035 | _a88805 | ||
| 245 | 0 | 0 |
_aAgroecosistemas _c/por Colegio de Postgraduados. Centro de Botánica |
| 260 | 0 |
_aChapingo, Méx. : _bColegio de Postgraduados. Centro de Botánica, _c1978- |
|
| 300 | _av. | ||
| 310 | _aBimestral | ||
| 362 | _an.29, 1982 | ||
| 500 | _aSe dejó de recibir después del n.52,1985. | ||
| 590 |
_aBATCH-UPD _b10 _c20130110 _lUCH01 _h0346 |
||
| 590 |
_aBATCH-UPD _b10 _c20130410 _lUCH01 _h0019 |
||
| 590 |
_aBATCH-UPD _b10 _c20130914 _lUCH01 _h1229 |
||
| 590 |
_aCONVERSION _b10 _c20130109 _lUCH01 _h1343 |
||
| 650 | 1 | 4 |
_aEcología agrícola _xPublicaciones periódicas. _935169 |
| 650 | 1 | 4 |
_aEcosistema _xPublicaciones periódicas. _935292 |
| 866 | _an.1-52 (1978-1985) | ||
| 901 | _aSE | ||
| 905 | _aLilia Sánchez G. | ||
| 999 |
_c77778 _d77778 |
||